000
00302nam a2200121Ia 4500
008
190216s9999||||xx |||||||||||||| ||und||
100
_a
"Murray R Spiegel,Larry J Stephens"
245
0
_a
Statistics
260
_b
Tata Mcgrawhill Publishers
_c
2010
300
_a
562
650
_a
Statistics
942
_c
BK
999
_c
37243
_d
37243